书目信息 |
| 题名: |
数学与知识的探求
|
|
| 作者: | 克莱因 著 ;刘志勇 译 | |
| 分册: | ||
| 出版信息: | 上海 复旦大学出版社 2005 |
|
| 页数: | 294页 | |
| 开本: | 22cm | |
| 丛书名: | 西方数学文化理念传播译丛 | |
| 单 册: | ||
| 中图分类: | N05 | |
| 科图分类: | ||
| 主题词: | 数学--作用--自然科学 , 数学 , 自然科学 | |
| 电子资源: | ||
| ISBN: | 7-309-04453-3 | |
| 000 | 01024oam2 2200301 450 | |
| 001 | 002912973 | |
| 005 | 20061114152112.32 | |
| 010 | @a7-309-04453-3@dCNY21.00 | |
| 100 | @a20050615d2005 em y0chiy0110 ea | |
| 101 | 1 | @achi@ceng |
| 102 | @aCN@b310000 | |
| 105 | @ay z 000yy | |
| 200 | 1 | @a数学与知识的探求@9shu xue yu zhi shi de tan qiu@f(美)M.克莱因(Morris Kline)著@g刘志勇译 |
| 210 | @a上海@c复旦大学出版社@d2005 | |
| 215 | @a294页@d22cm | |
| 225 | 2 | @a西方数学文化理念传播译丛 |
| 305 | @a牛津大学授权出版 | |
| 330 | @a本书以一个数学家的睿智,探讨了自古希腊以来,尤其是自伽利略以来,数学在现代自然科学发展演化中的作用。 | |
| 461 | 0 | @12001 @a西方数学文化理念传播译丛 |
| 510 | 1 | @aMathematics and the Search for Knowledge@zeng |
| 606 | 0 | @a数学@x作用@x自然科学 |
| 606 | 0 | @a数学 |
| 606 | 0 | @a自然科学 |
| 690 | @aN05@v4 | |
| 701 | 0 | @c(美)@a克莱因@9ke lai yin@c(Kline,Morris@f1908~1992)@4著 |
| 702 | 0 | @a刘志勇@9liu zhi yong@c(哲学)@4译 |
| 801 | 0 | @aCN@bNLC@c20061114 |
| 905 | @a10447@dN05@e149 | |
| 数学与知识的探求/(美)M.克莱因(Morris Kline)著/刘志勇译 .-上海:复旦大学出版社,2005 |
| 294页;22cm.-(西方数学文化理念传播译丛) |
| ISBN 7-309-04453-3:CNY21.00 |
| 本书以一个数学家的睿智,探讨了自古希腊以来,尤其是自伽利略以来,数学在现代自然科学发展演化中的作用。 |
| ● |
| 相关链接 |
|
|
|
|
正题名:数学与知识的探求
索取号:N05/149
 
预约/预借
| 序号 | 登录号 | 条形码 | 馆藏地/架位号 | 状态 | 备注 |
| 1 | 0382662 | 203826627 | 第二样本阅览室/ [索取号:N05/149] | 在馆 | |
| 2 | 0382663 | 203826636 | 第三借阅区/ [索取号:N05/149] | 在馆 | |
| 3 | 0382664 | 203826645 | 第三借阅区/ [索取号:N05/149] | 在馆 | |
| 4 | 0382665 | 203826654 | 第三借阅区/ [索取号:N05/149] | 在馆 | |
| 5 | 0382666 | 203826663 | 第三借阅区/ [索取号:N05/149] | 在馆 |